Score 0/40 Timer 08:00
2 Plays Today
Famous Person (S)hot or (N)ot? % Correct
Abraham Lincoln???
97.3%
Martin Luther King, Jr.???
92.7%
Jimi Hendrix???
90.9%
John Lennon???
89.5%
Buddy Holly???
88.8%
Osama bin Laden???
88.7%
Janis Joplin???
88.4%
Tupac Shakur???
88.3%
Freddy Mercury???
88.3%
Marilyn Monroe???
87.1%
Jesse James???
85.8%
Judy Garland???
85.6%
Marie Antoinette???
85.3%
Malcolm X???
84.3%
James Dean???
80%
Yuri Gagarin???
80%
Frédéric Chopin???
79%
Keith Moon???
78.8%
Harry Houdini???
76.1%
Bruce Lee???
75.4%
Famous Person (S)hot or (N)ot? % Correct
John Wilkes Booth???
74.6%
Bob Marley???
73.9%
Anne Frank???
70.4%
Aaliyah???
69.6%
Horatio Nelson???
68.6%
Oscar Wilde???
66.8%
Andrés Escobar???
64.8%
Mohandas Gandhi???
60.9%
Sal Mineo???
59.7%
Brandon Lee???
58.8%
Hansie Cronje???
58.3%
Duncan Edwards???
56.4%
Phil Hartman???
55.2%
Marvin Gaye???
54.6%
Gianni Versace???
54.2%
Manfred von Richthofen???
52.9%
Haing S. Ngor???
44.5%
King George I of Greece???
38.7%
Spencer Perceval???
32%
Vincent van Gogh???
19.3%
Come Together.
Have Fun.
All Virtual.
We all need to come together. Play Sporcle's virtual live trivia to have fun, connect with people, and get your trivia on. Join a live hosted trivia game for your favorite pub trivia experience done virtually. If a virtual private party is more your thing, go here for details.

You're not logged in!

Compare scores with friends on all Sporcle quizzes.
OR
Log In

Sporcle TV

Today on Sporcle TV


Watch our educational content, quiz creation guides, and fun videos on Sporcle TV.

Show Comments

Extras

Top Quizzes Today


Score Distribution

Paid Content

Your Account Isn't Verified!

In order to create a playlist on Sporcle, you need to verify the email address you used during registration. Go to your Sporcle Settings to finish the process.

Report this User

Report this user for behavior that violates our Community Guidelines.

Details: